[Event "Vellmar op 11th"]
[Site "Vellmar"]
[Date "2019.07.06"]
[Round "4"]
[White "Kanbach, Mike"]
[Black "Silini, Jalel"]
[Result "1-0"]
[WhiteElo "1826"]
[BlackElo "1650"]
[PlyCount "81"]
[EventDate "2019.07.04"]
[EventType "swiss"]
[EventRounds "7"]
[EventCountry "GER"]
[SourceTitle "CBM 191 Extra"]
[Source "ChessBase"]
[SourceDate "2019.09.30"]
[SourceVersion "1"]
[SourceVersionDate "2019.09.30"]
[SourceQuality "1"]

1. Nf3 Nf6 2. d4 d5 3. e3 e6 4. Bd3 c5 5. c3 b6 6. Nbd2 Ba6 7. Bxa6 Nxa6 8. Qa4+ Qd7 9. Qxa6 c4 10. Ne5 Qc7 11. Qa4+ Nd7 12. Qxd7+ Qxd7 13. Nxd7 Kxd7 14. e4 Be7 15. 0-0 b5 16. Re1 a5 17. Nf3 Bf6 18. exd5 exd5 19. Ne5+ Bxe5 20. Rxe5 Kc6 21. Bd2 Rhe8 22. Rxe8 Rxe8 23. Re1 Rxe1+ 24. Bxe1 a4 25. Bd2 h6 26. g4 g5 27. f4 f6 28. Kg2 Kd6 29. Kg3 Ke6 30. h4 gxh4+ 31. Kxh4 Kf7 32. Kh5 Ke7 33. f5 Kf7 34. Kxh6 Kf8 35. Kg6 Ke7 36. g5 fxg5 37. Bxg5+ Ke8 38. f6 Kf8 39. f7 a3 40. Kf6 axb2 41. Bh6# 1-0

[Event "GER-chT U14"]
[Site "Magdeburg"]
[Date "2018.12.29"]
[Round "5.3"]
[White "Wang, Xinyuan1111"]
[Black "Silini, Jalel"]
[Result "1-0"]
[WhiteElo "1748"]
[BlackElo "1717"]
[PlyCount "111"]
[EventDate "2018.12.27"]
[EventType "team-swiss"]
[EventRounds "7"]
[EventCountry "GER"]
[SourceTitle "CBM 188 Extra"]
[Source "ChessBase"]
[SourceDate "2019.02.26"]
[SourceVersion "1"]
[SourceVersionDate "2019.02.26"]
[SourceQuality "1"]
[WhiteTeam "Karlsruhe SF"]
[BlackTeam "Luebeck"]
[WhiteTeamCountry "GER"]
[BlackTeamCountry "GER"]

1. d4 d5 2. c4 dxc4 3. Nc3 Nf6 4. e3 e6 5. Bxc4 a6 6. a3 b5 7. Bb3 Bb7 8. Nf3 c5 9. 0-0 Qc7 10. Re1 Be7 11. Bd2 0-0 12. Rc1 Rd8 13. Ba2 Nc6 14. dxc5 Bxc5 15. Nxb5 axb5 16. Rxc5 Qd6 17. Qc1 Ne4 18. Rxb5 Ba6 19. Rb6 Nxd2 20. Nxd2 Qxd2 21. Rxc6 h6 22. Rc2 Qxc1 23. Rexc1 Rab8 24. h3 Kf8 25. b4 Bb5 26. Bb3 Ra8 27. Ra2 Rd3 28. Rb1 Ba4 29. Bxa4 Rxa4 30. Rba1 Ke7 31. Kf1 Kd7 32. Ke2 Rd6 33. Rb2 Rda6 34. Rb3 Kc7 35. Kd3 Kb6 36. Kc4 Ra7 37. Rd3 Kc6 38. Kb3 Kb5 39. Rc3 Kb6 40. Kb2 Kb5 41. Rac1 Rd7 42. Kb3 Raa7 43. a4+ Kb6 44. a5+ Kb7 45. Rc6 Ra6 46. R6c2 Rad6 47. Ka4 f5 48. b5 g5 49. a6+ Kb6 50. Rc6+ Rxc6 51. Rxc6+ Ka7 52. Ka5 Rd8 53. Rxe6 h5 54. b6+ Kb8 55. a7+ Kb7 56. Re7+ 1-0

[Event "GER-chT U14"]
[Site "Magdeburg"]
[Date "2018.12.27"]
[Round "1.3"]
[White "Vetter, Moritz Friedrich"]
[Black "Silini, Jalel"]
[Result "1-0"]
[WhiteElo "1421"]
[BlackElo "1717"]
[PlyCount "47"]
[EventDate "2018.12.27"]
[EventType "team-swiss"]
[EventRounds "7"]
[EventCountry "GER"]
[SourceTitle "CBM 188 Extra"]
[Source "ChessBase"]
[SourceDate "2019.02.26"]
[SourceVersion "1"]
[SourceVersionDate "2019.02.26"]
[SourceQuality "1"]
[WhiteTeam "Brackel"]
[BlackTeam "Luebeck"]
[WhiteTeamCountry "GER"]
[BlackTeamCountry "GER"]

1. e4 e5 2. Nf3 Nc6 3. Bc4 Bc5 4. b4 Bxb4 5. c3 Ba5 6. d4 exd4 7. 0-0 d6 8. Qb3 Qe7 9. Re1 Bd7 10. e5 dxe5 11. Nxe5 Nxe5 12. Bxf7+ Qxf7 13. Rxe5+ Ne7 14. Ba3 Qxb3 15. axb3 Bxc3 16. Rxe7+ Kd8 17. Nxc3 dxc3 18. Rd1 Kc8 19. Rdxd7 c6 20. Rxg7 c2 21. Rxh7 Rg8 22. Rxb7 Rg5 23. Rhc7+ Kd8 24. Be7+ 1-0

[Event "JBLN West 1819"]
[Site "Germany"]
[Date "2018.09.23"]
[Round "1.6"]
[White "Schmidt, Aliyah Renee"]
[Black "Silini, Jalel"]
[Result "1-0"]
[WhiteElo "1548"]
[BlackElo "1656"]
[PlyCount "111"]
[EventDate "2018.09.23"]
[EventType "team-tourn"]
[EventRounds "9"]
[EventCountry "GER"]
[SourceTitle "EXT 2020"]
[Source "ChessBase"]
[SourceDate "2019.10.17"]
[SourceVersion "1"]
[SourceVersionDate "2019.10.17"]
[SourceQuality "1"]
[WhiteTeam "Weisse Dame U20"]
[BlackTeam "Luebeck SV U20"]
[WhiteTeamCountry "GER"]
[BlackTeamCountry "GER"]

1. e4 e5 2. Nf3 Nc6 3. d4 exd4 4. Nxd4 Bc5 5. Be3 Qf6 6. c3 Nge7 7. Bc4 0-0 8. 0-0 d6 9. f4 Be6 10. Qd3 Bxc4 11. Qxc4 Ng6 12. Nd2 Rfe8 13. Rae1 Nxd4 14. Bxd4 Bxd4+ 15. Qxd4 Qe7 16. Nb3 Qh4 17. Qf2 Qe7 18. f5 Ne5 19. f6 Qxf6 20. Qxf6 gxf6 21. Rxf6 Nd3 22. Re2 d5 23. Rf3 dxe4 24. Rfe3 Rad8 25. Nd4 c5 26. Nf5 Nf4 27. Rf2 Rd1+ 28. Rf1 Red8 29. Rxe4 Rxf1+ 30. Kxf1 Ng6 31. Ke2 Kf8 32. Ne3 b5 33. c4 a6 34. b3 Ne7 35. Rh4 Kg7 36. Rh5 Rc8 37. cxb5 axb5 38. Kd3 Kg6 39. Re5 Kf6 40. Ng4+ Kg7 41. Rxe7 Rd8+ 42. Kc3 b4+ 43. Kc2 Rd4 44. Ne5 Kf6 45. Re8 Rf4 46. Nd3 Rf1 47. Nxc5 Rf2+ 48. Kd3 Rxg2 49. Re2 Rg8 50. Kc4 Rg4+ 51. Kb5 Kg6 52. Nd3 Rd4 53. Nxb4 f5 54. Kc5 Rd8 55. Rf2 Kg5 56. Nd5 1-0

[Event "Vellmar op 10th"]
[Site "Vellmar"]
[Date "2018.07.13"]
[Round "3"]
[White "Eggenstein, Frank"]
[Black "Silini, Jalel"]
[Result "1-0"]
[WhiteElo "1987"]
[BlackElo "1702"]
[PlyCount "79"]
[EventDate "2018.07.12"]
[EventType "swiss"]
[EventRounds "7"]
[EventCountry "GER"]
[SourceTitle "CBM 185 Extra"]
[Source "ChessBase"]
[SourceDate "2018.07.29"]
[SourceVersion "1"]
[SourceVersionDate "2018.07.29"]
[SourceQuality "1"]

1. e4 e5 2. d3 Bc5 3. Nf3 Nc6 4. g3 Nf6 5. Bg2 d6 6. 0-0 h6 7. c3 Bg4 8. h3 Bh5 9. Nbd2 0-0 10. b4 Bb6 11. Nc4 Qd7 12. Nxb6 axb6 13. g4 Bg6 14. Nh4 Ne7 15. f4 Rad8 16. f5 Bh7 17. g5 hxg5 18. Bxg5 d5 19. Bxf6 gxf6 20. Kh1 dxe4 21. dxe4 Qxd1 22. Rfxd1 Kg7 23. Bf3 Kh6 24. Ng2 Nc8 25. h4 Rg8 26. Kh2 Nd6 27. Ne3 Kg7 28. a4 c6 29. Ra2 Kf8 30. Rad2 Ke7 31. c4 c5 32. Nd5+ Kf8 33. Nxf6 Ke7 34. Nxh7 f6 35. Nxf6 Kxf6 36. Rxd6+ Ke7 37. Rxd8 Rxd8 38. Rxd8 Kxd8 39. bxc5 bxc5 40. a5 1-0

[Event "Vellmar op 10th"]
[Site "Vellmar"]
[Date "2018.07.12"]
[Round "1"]
[White "Tremoehlen, Thomas"]
[Black "Silini, Jalel"]
[Result "1/2-1/2"]
[WhiteElo "1980"]
[BlackElo "1702"]
[PlyCount "24"]
[EventDate "2018.07.12"]
[EventType "swiss"]
[EventRounds "7"]
[EventCountry "GER"]
[SourceTitle "CBM 185 Extra"]
[Source "ChessBase"]
[SourceDate "2018.07.29"]
[SourceVersion "1"]
[SourceVersionDate "2018.07.29"]
[SourceQuality "1"]

1. Nf3 Nf6 2. b3 d5 3. Bb2 e6 4. e3 c5 5. a4 Be7 6. Be2 Nc6 7. 0-0 0-0 8. d3 b6 9. Nbd2 Bb7 10. Re1 Qc7 11. Nf1 Rfd8 12. Ng3 Rac8 1/2-1/2

[Event "GER-ch U14"]
[Site "Willingen"]
[Date "2018.05.23"]
[Round "6"]
[White "Silini, Jalel"]
[Black "Morgenstern, Tobias"]
[Result "0-1"]
[WhiteElo "1643"]
[BlackElo "1719"]
[PlyCount "82"]
[EventDate "2018.05.19"]
[EventType "swiss"]
[EventRounds "9"]
[EventCountry "GER"]
[SourceTitle "CBM 184 Extra"]
[Source "ChessBase"]
[SourceDate "2018.06.28"]
[SourceVersion "1"]
[SourceVersionDate "2018.06.28"]
[SourceQuality "1"]

1. e4 c5 2. Nf3 d6 3. Bb5+ Bd7 4. Bxd7+ Qxd7 5. Nc3 Nf6 6. d4 cxd4 7. Nxd4 g6 8. h3 Bg7 9. Be3 Nc6 10. Qd3 0-0 11. 0-0 d5 12. exd5 Nxd5 13. Nxd5 Qxd5 14. Nxc6 Qxc6 15. c3 Rfd8 16. Qc2 Rd5 17. Rfd1 Rad8 18. Rxd5 Rxd5 19. Bxa7 b6 20. Bb8 Rg5 21. Bg3 h5 22. Qd2 Bf6 23. f4 Rxg3 24. Kh2 h4 25. Rd1 Kg7 26. Qe2 Qc7 27. Qe4 g5 28. Rf1 gxf4 29. Kh1 Qe5 30. Rxf4 Qxe4 31. Rxe4 Rd3 32. Kg1 Rd1+ 33. Kf2 Rd2+ 34. Re2 Rxe2+ 35. Kxe2 Kg6 36. Kd3 Kf5 37. Kc4 e6 38. Kb5 Bd8 39. b4 e5 40. Kc4 Kf4 41. Kd3 Kg3 0-1

[Event "GER-ch U14"]
[Site "Willingen"]
[Date "2018.05.20"]
[Round "2"]
[White "Haller, Luis"]
[Black "Silini, Jalel"]
[Result "1-0"]
[WhiteElo "1861"]
[BlackElo "1643"]
[PlyCount "85"]
[EventDate "2018.05.19"]
[EventType "swiss"]
[EventRounds "9"]
[EventCountry "GER"]
[SourceTitle "CBM 184 Extra"]
[Source "ChessBase"]
[SourceDate "2018.06.28"]
[SourceVersion "1"]
[SourceVersionDate "2018.06.28"]
[SourceQuality "1"]

1. e4 e5 2. Nf3 Nc6 3. Bb5 a6 4. Ba4 Nf6 5. 0-0 Bc5 6. Nxe5 Nxe5 7. d4 Nxe4 8. Re1 Be7 9. Rxe4 Ng6 10. Bg5 f6 11. Bd2 0-0 12. Nc3 Kh8 13. Nd5 Bd6 14. c4 b5 15. cxb5 axb5 16. Bb3 Bb7 17. Qh5 f5 18. Bg5 Qxg5 19. Qxg5 fxe4 20. Re1 Rae8 21. Qg4 Bxd5 22. Bxd5 Rf4 23. Qxd7 Ref8 24. Bxe4 Rxf2 25. Bxg6 hxg6 26. Qxb5 R2f5 27. d5 Rf2 28. Re8 Rf1+ 29. Qxf1 Bc5+ 30. Kh1 Rxe8 31. g3 Rb8 32. Qe2 Rd8 33. Qc4 Be7 34. Qxc7 Bf6 35. d6 Re8 36. d7 Re1+ 37. Kg2 Rd1 38. a4 Kh7 39. a5 Rd2+ 40. Kf3 Rxb2 41. d8Q Bxd8 42. Qxd8 Rxh2 43. Qh4+ 1-0

[Event "GER-ch U14"]
[Site "Willingen"]
[Date "2018.05.20"]
[Round "1"]
[White "Pahl, Erik"]
[Black "Silini, Jalel"]
[Result "1-0"]
[WhiteElo "1919"]
[BlackElo "1643"]
[PlyCount "55"]
[EventDate "2018.05.19"]
[EventType "swiss"]
[EventRounds "9"]
[EventCountry "GER"]
[SourceTitle "CBM 184 Extra"]
[Source "ChessBase"]
[SourceDate "2018.06.28"]
[SourceVersion "1"]
[SourceVersionDate "2018.06.28"]
[SourceQuality "1"]

1. e4 e5 2. Nf3 Nc6 3. Bb5 a6 4. Ba4 b5 5. Bb3 Bc5 6. c3 Nf6 7. d4 exd4 8. e5 Ng8 9. 0-0 Nge7 10. cxd4 Bb6 11. Ng5 Rf8 12. Nxh7 Rh8 13. Ng5 Rf8 14. Qh5 Ng6 15. Bxf7+ Rxf7 16. Qxg6 Qe7 17. Qxf7+ Qxf7 18. Nxf7 Kxf7 19. Be3 Nxd4 20. Na3 Bb7 21. Rad1 c5 22. Bxd4 cxd4 23. Nc2 Re8 24. Rfe1 Rc8 25. Nxd4 Rc4 26. Nxb5 Bc6 27. Nd6+ Ke6 28. Nxc4 1-0

[Event "GER-ch U25-A"]
[Site "Willingen"]
[Date "2017.06.10"]
[Round "9"]
[White "Conte, Adrian1111"]
[Black "Silini, Jalel"]
[Result "0-1"]
[WhiteElo "1698"]
[BlackElo "1527"]
[PlyCount "108"]
[EventDate "2017.06.04"]
[EventType "swiss"]
[EventRounds "9"]
[EventCountry "GER"]
[SourceTitle "CBM 178 Extra"]
[Source "ChessBase"]
[SourceDate "2017.06.22"]
[SourceVersion "1"]
[SourceVersionDate "2017.06.22"]
[SourceQuality "1"]

1. e4 e5 2. Bc4 Nc6 3. Nc3 Nf6 4. d3 Bc5 5. Bg5 h6 6. Bh4 d6 7. Nge2 Bd7 8. Qd2 Nxe4 9. Bxd8 Nxd2 10. Bxc7 Nxc4 11. dxc4 Rc8 12. Nb5 Nb4 13. Nxd6+ Bxd6 14. Bxd6 Nxc2+ 15. Kd2 Nxa1 16. Rxa1 Rxc4 17. Bxe5 0-0 18. Bc3 Rcc8 19. Nd4 Rcd8 20. Kc2 Rfe8 21. Rd1 g6 22. b3 Rc8 23. Kb2 Bc6 24. f3 Rcd8 25. Rd2 Rc8 26. h3 Kh7 27. Rd1 Re3 28. Rd2 Bxf3 29. Nxf3 Rexc3 30. Ne5 R3c7 31. Nc4 Kg7 32. Nd6 Rf8 33. Re2 Kg8 34. Nb5 Rc5 35. Nd6 Rd5 36. Ne8 Rd8 37. Nf6+ Kg7 38. Ng4 Rfe8 39. Rc2 a6 40. Nh2 Rd7 41. Nf3 Rde7 42. Nd4 Rd7 43. Nf3 f6 44. Rf2 g5 45. g4 Rd3 46. Kc2 Ree3 47. Ng1 Rg3 48. Rh2 Rc3+ 49. Kd2 Rgd3+ 50. Ke1 Rc1+ 51. Kf2 Rc2+ 52. Ne2 Rxa2 53. Kg1 Rxb3 54. Nc1 Ra1 0-1

[Event "GER-ch U25-A"]
[Site "Willingen"]
[Date "2017.06.07"]
[Round "6"]
[White "Nimptsch, Nikolas"]
[Black "Silini, Jalel"]
[Result "0-1"]
[WhiteElo "1536"]
[BlackElo "1527"]
[PlyCount "100"]
[EventDate "2017.06.04"]
[EventType "swiss"]
[EventRounds "9"]
[EventCountry "GER"]
[SourceTitle "CBM 178 Extra"]
[Source "ChessBase"]
[SourceDate "2017.06.22"]
[SourceVersion "1"]
[SourceVersionDate "2017.06.22"]
[SourceQuality "1"]

1. e4 e5 2. Nf3 Nc6 3. Bb5 a6 4. Bxc6 dxc6 5. 0-0 Bg4 6. d3 Qf6 7. Nbd2 Bc5 8. c3 0-0-0 9. Qc2 Qd6 10. h3 Be6 11. Rd1 Ne7 12. Nf1 f5 13. Ng5 h6 14. Nxe6 Qxe6 15. Be3 Bxe3 16. Nxe3 f4 17. Nc4 g5 18. Qb3 Qf6 19. Na5 b6 20. Nc4 c5 21. Qc2 Nc6 22. f3 h5 23. Kh2 g4 24. Rg1 Qh4 25. Qe2 Qg3+ 26. Kh1 gxh3 27. b4 cxb4 28. cxb4 hxg2+ 29. Rxg2 Qh3+ 30. Rh2 Qd7 31. Rd1 b5 32. Na5 Nxb4 33. a4 bxa4 34. Qb2 Qb5 35. Nc4 Nxd3 36. Qc2 Nf2+ 37. Rxf2 Rxd1+ 38. Qxd1 Qxc4 39. Rc2 Qb3 40. Qe2 Qe6 41. Qf1 h4 42. Rc4 a3 43. Ra4 a2 44. Rxa6 Qb3 45. Ra8+ Kd7 46. Qh3+ Kd6 47. Ra6+ c6 48. Ra7 Qb1+ 49. Kh2 Qb2+ 50. Qg2 a1Q 0-1

[Event "GER-ch U25-A"]
[Site "Willingen"]
[Date "2017.06.06"]
[Round "5"]
[White "Hungeling, David"]
[Black "Silini, Jalel"]
[Result "1-0"]
[WhiteElo "1504"]
[BlackElo "1527"]
[PlyCount "63"]
[EventDate "2017.06.04"]
[EventType "swiss"]
[EventRounds "9"]
[EventCountry "GER"]
[SourceTitle "CBM 178 Extra"]
[Source "ChessBase"]
[SourceDate "2017.06.22"]
[SourceVersion "1"]
[SourceVersionDate "2017.06.22"]
[SourceQuality "1"]

1. e4 e5 2. Nf3 Nc6 3. Bb5 a6 4. Ba4 b5 5. Bb3 Bc5 6. c3 Nf6 7. 0-0 d6 8. h3 0-0 9. Re1 Bb7 10. d4 Bb6 11. Bg5 Re8 12. Bd5 h6 13. Bxf6 Qxf6 14. Na3 Rab8 15. Nc2 Nd8 16. Nb4 c5 17. Bxb7 Nxb7 18. Nd5 Qd8 19. a3 Ba7 20. Qd2 Qd7 21. dxe5 Rbd8 22. exd6 Nxd6 23. Rad1 Qc6 24. Qc2 c4 25. Kf1 Kf8 26. Re2 Nxe4 27. Rxe4 Rxd5 28. Rxe8+ Kxe8 29. Qe4+ Kf8 30. Qxd5 Qb6 31. Qd8+ Qxd8 32. Rxd8+ 1-0

[Event "GER-ch U25-A"]
[Site "Willingen"]
[Date "2017.06.05"]
[Round "3"]
[White "Leser, Stefan"]
[Black "Silini, Jalel"]
[Result "1-0"]
[WhiteElo "1773"]
[BlackElo "1527"]
[PlyCount "119"]
[EventDate "2017.06.04"]
[EventType "swiss"]
[EventRounds "9"]
[EventCountry "GER"]
[SourceTitle "CBM 178 Extra"]
[Source "ChessBase"]
[SourceDate "2017.06.22"]
[SourceVersion "1"]
[SourceVersionDate "2017.06.22"]
[SourceQuality "1"]

1. e4 e5 2. Nf3 Nc6 3. Bb5 a6 4. Ba4 b5 5. Bb3 Bc5 6. 0-0 d6 7. c3 Nf6 8. d4 Bb6 9. Be3 Bg4 10. Kh1 0-0 11. h3 Bxf3 12. gxf3 Nh5 13. Rg1 Qh4 14. Qf1 Qf6 15. Qe2 exd4 16. Bg5 Qe5 17. f4 Nxf4 18. Bxf4 Qxf4 19. Bd5 Ne5 20. Bxa8 d3 21. Qd2 Qf3+ 22. Kh2 Bxf2 23. Rg2 Be3 24. Qe1 Qf4+ 25. Qg3 Qh6 26. Kh1 Rxa8 27. h4 d2 28. Na3 Nd3 29. Nc2 Bf4 30. Qxd3 Qxh4+ 31. Kg1 Qh5 32. Rf1 Re8 33. Qd4 Be5 34. Qxd2 Re6 35. Qg5 Qxg5 36. Rxg5 h6 37. Rg2 c6 38. Rgf2 Bf6 39. Nd4 Bxd4 40. cxd4 f6 41. Re1 d5 42. e5 fxe5 43. Rxe5 Rg6+ 44. Kh2 a5 45. Re8+ Kh7 46. Kh3 a4 47. Rfe2 Rf6 48. R8e6 Rf3+ 49. Kg4 Rd3 50. Rxc6 Rxd4+ 51. Kf5 b4 52. Rc7 Rd1 53. Rg2 Kg8 54. Rgxg7+ Kf8 55. Rh7 Rf1+ 56. Ke6 Kg8 57. Rhd7 Rf8 58. Rg7+ Kh8 59. Rh7+ Kg8 60. Rcg7# 1-0

[Event "GER-ch U25-A"]
[Site "Willingen"]
[Date "2017.06.04"]
[Round "2"]
[White "Silini, Jalel"]
[Black "Ostra, Noah"]
[Result "0-1"]
[WhiteElo "1527"]
[BlackElo "1618"]
[PlyCount "142"]
[EventDate "2017.06.04"]
[EventType "swiss"]
[EventRounds "9"]
[EventCountry "GER"]
[SourceTitle "CBM 178 Extra"]
[Source "ChessBase"]
[SourceDate "2017.06.22"]
[SourceVersion "1"]
[SourceVersionDate "2017.06.22"]
[SourceQuality "1"]

1. e4 c5 2. Nf3 d6 3. Nc3 Nf6 4. d4 cxd4 5. Nxd4 a6 6. a4 e5 7. Nf3 Be7 8. h3 Be6 9. Be2 Nc6 10. 0-0 0-0 11. Bg5 Rc8 12. Qd2 Qb6 13. Be3 Qc7 14. Rfd1 Rfd8 15. Nd5 Bxd5 16. exd5 Na5 17. Qb4 Nc4 18. Bxc4 Qxc4 19. Qxb7 Rd7 20. Qb6 Nxd5 21. Qb3 Qxb3 22. cxb3 Nxe3 23. fxe3 Rb7 24. Rd3 e4 25. Rc3 Rxc3 26. bxc3 exf3 27. b4 fxg2 28. Kxg2 g5 29. Rb1 Bf6 30. c4 a5 31. b5 Bc3 32. Kf3 f5 33. Rd1 Bb4 34. e4 f4 35. h4 h6 36. hxg5 hxg5 37. Kg4 Rg7 38. Rd5 Kf8 39. e5 Ke7 40. exd6+ Bxd6 41. c5 Bb8 42. c6 Ke6 43. Rd8 Bc7 44. Rd1 Ke5 45. Rb1 Bb6 46. Rc1 Kd4 47. Kf3 Bc7 48. Kg4 Kd3 49. Rb1 Bb6 50. Rb3+ Kc2 51. Rf3 Bd8 52. Rf2+ Kc3 53. Rf1 Bb6 54. Rc1+ Kb3 55. Ra1 Rf7 56. Kf3 g4+ 57. Kxg4 f3 58. Kg3 f2 59. Kg2 f1Q+ 60. Rxf1 Rxf1 61. Kxf1 Kxa4 62. Ke1 Kxb5 63. Kd1 Kxc6 64. Kc2 Kb5 65. Kb3 a4+ 66. Ka3 Bc5+ 67. Ka2 Kb4 68. Kb2 a3+ 69. Ka2 Ka4 70. Ka1 Kb3 71. Kb1 a2+ 0-1

[Event "GER-ch U25-A"]
[Site "Willingen"]
[Date "2017.06.04"]
[Round "1"]
[White "Thumm, Niklas"]
[Black "Silini, Jalel"]
[Result "1-0"]
[WhiteElo "1688"]
[BlackElo "1527"]
[PlyCount "31"]
[EventDate "2017.06.04"]
[EventType "swiss"]
[EventRounds "9"]
[EventCountry "GER"]
[SourceTitle "CBM 178 Extra"]
[Source "ChessBase"]
[SourceDate "2017.06.22"]
[SourceVersion "1"]
[SourceVersionDate "2017.06.22"]
[SourceQuality "1"]

1. e4 e5 2. Nf3 Nc6 3. Bc4 Bc5 4. c3 Nf6 5. d4 exd4 6. cxd4 Bb4+ 7. Bd2 Nxe4 8. Bxb4 Nxb4 9. Bxf7+ Kxf7 10. Qb3+ Ke8 11. Qxb4 d6 12. 0-0 Kf7 13. Qb3+ d5 14. Ne5+ Ke6 15. Re1 Kd6 16. Nf7+ 1-0

[Event "GER-chT U10"]
[Site "Magdeburg"]
[Date "2014.12.29"]
[Round "7.3"]
[White "Silini, Jalel"]
[Black "Weichold, Nelly"]
[Result "1-0"]
[WhiteElo "876"]
[BlackElo "600"]
[PlyCount "27"]
[EventDate "2014.12.27"]
[EventType "team-swiss"]
[EventRounds "7"]
[EventCountry "GER"]
[SourceTitle "EXT 2016"]
[Source "ChessBase"]
[SourceDate "2015.10.08"]
[SourceVersion "1"]
[SourceVersionDate "2015.10.08"]
[SourceQuality "1"]
[WhiteTeam "Luebeck"]
[BlackTeam "Apolda"]
[WhiteTeamCountry "GER"]
[BlackTeamCountry "GER"]

1. e4 e6 2. d4 d5 3. e5 f6 4. Nf3 Nd7 5. Bf4 b6 6. Bb5 Bb7 7. Nc3 Qe7 8. Qd3 0-0-0 9. 0-0 Qe8 10. Ba6 Bxa6 11. Qxa6+ Kb8 12. Nb5 Ne7 13. Qxa7+ Kc8 14. Qxc7# 1-0

[Event "GER-chT U10"]
[Site "Magdeburg"]
[Date "2014.12.27"]
[Round "2.3"]
[White "Knape, Albert"]
[Black "Silini, Jalel"]
[Result "1-0"]
[WhiteElo "1072"]
[BlackElo "876"]
[PlyCount "105"]
[EventDate "2014.12.27"]
[EventType "team-swiss"]
[EventRounds "7"]
[EventCountry "GER"]
[SourceTitle "EXT 2016"]
[Source "ChessBase"]
[SourceDate "2015.10.08"]
[SourceVersion "1"]
[SourceVersionDate "2015.10.08"]
[SourceQuality "1"]
[WhiteTeam "Potsdam Empor"]
[BlackTeam "Luebeck"]
[WhiteTeamCountry "GER"]
[BlackTeamCountry "GER"]

1. e4 e5 2. Nf3 Nc6 3. Bc4 Bc5 4. Nc3 Nf6 5. d3 d6 6. Bg5 Be6 7. Nd5 Bxd5 8. Bxd5 h6 9. Bxc6+ bxc6 10. Be3 Bb6 11. c3 d5 12. exd5 Qxd5 13. 0-0 Rd8 14. d4 exd4 15. Bxd4 0-0 16. Bxf6 Qxd1 17. Raxd1 Rxd1 18. Rxd1 gxf6 19. Nd4 c5 20. Nf5 Kh7 21. g4 Re8 22. Kf1 Re4 23. h3 Re5 24. c4 h5 25. f3 hxg4 26. hxg4 Kg6 27. Kf2 Re8 28. Rd7 Rh8 29. Kg2 Re8 30. Rd2 Ba5 31. Rc2 Rh8 32. b3 Kg5 33. a3 Kf4 34. Re2 Kg5 35. Rc2 Kf4 36. Rc1 Bd2 37. Rd1 Ba5 38. Rd5 Bb6 39. b4 cxb4 40. axb4 Be3 41. Rd7 c5 42. b5 Ra8 43. Rxf7 Bd4 44. Rd7 Bc3 45. Rc7 Bb4 46. Rc6 Rf8 47. Ra6 Rf7 48. b6 axb6 49. Rxb6 Ba5 50. Re6 Bb4 51. Re4+ Kg5 52. f4+ Kxg4 53. Nh6+ 1-0